LEADER 01094nam a2200265 u 4500 001 000000114343 003 CaOOAMICUS 005 20090122185010.0 008 090122s2005 it u000 u ita r 020 $a88-02-06262-5 040 $aPUL$bita$dLDB 100 1 $aCapello, Pietro.$0(OLS)http://pul/name/67569 245 13$aIl concorso di reati e di norme /$cPietro Capello. 260 $aTorino :$bUTET Giuridica,$c2005. 300 $axix, 579 p. ;$c24 cm. 490 1 $aGiurisprudenza critica ;$v27 504 $aBibliografia : p. 561-565. 650 14$aConcorso di reati.$0(OLS)http://pul/subject/34981 830 0$aGiurisprudenza critica ;$v27.$0(OLS)http://pul/title/105621 850 $aPUL 852 $aPUL$W1$xSL Diritto e Scienze Sociali 3$y79$m340. 02 COLL 1.27bis$j130662$qDDC 21$B129738$CPULBib$Z2$F129738 $H109283 $82 941 1 $a9 996 $6020$a88-02-06262-5$9(OLS)http://pul/number/139495 996 $6245$aIl concorso di reati e di norme$9(OLS)http://pul/title/143702 996 $6260$aTorino :$bUTET Giuridica$9(OLS)http://pul/publisher/79191 LEADER 01662namaa2200385 i 4500 001 000000177715 003 CaOOAMICUS 005 20250502092128.0 007 tu 008 250502s2021 it 000 u ita r 020 $a978-88-311-0199-8* 040 $aPUL$bita$erda 082 0 $a330.1 100 1 $aBruni, Luigino,$d1966-,$eautore.$0(OLS)http://pul/name/43634 245 10$aLezioni di storia del pensiero economico :$bun percorso dall'antichità al Novecento /$cLuigino Bruni, Paolo Santori, Stefano Zamagni. 264 4$c©2021. 264 1$aRoma :$bCittà Nuova,$c[2021] 300 $a357 pagine ;$c23 cm 336 $atesto$btxt$2rdacontent 337 $asenza mediazione$bn$2rdamedia 338 $avolume$bnc$2rdacarrier 490 1 $aIdee. Economia ;$v12 504 $aBibliografia in nota a piè pagina. 700 1 $aSantori, Paolo,$d1991-$0(OLS)http://pul/name/114340 700 1 $aZamagni, Stefano,$d1943-,$eautore.$0(OLS)http://pul/name/42265 830 0$aIdee.$pEconomia ;$v12.$0(OLS)http://pul/title/143884 850 $aPUL 852 $aPUL$W1$xSL Diritto e Scienze Sociali 3$y79$m330. 1 BRULU 2$j201650$qDDC 21$B206692$CPULBib$Z2$F206692 $H137811 $82 941 1 $a9 996 $6020$a978-88-311-0199-8*$9(OLS)http://pul/number/170322 996 $6082$a330.1$9(OLS)http://pul/classification/498 996 $6245$aLezioni di storia del pensiero economico :$bun percorso dall'antichità al Novecento$9(OLS)http://pul/title/219249 996 $6264$aRoma :$bCittà Nuova$9(OLS)http://pul/publisher/47927 996 $6264$a[S.l.] :$b[s.n.]$9(OLS)http://pul/publisher/0